000 02186cam a22004814i 4500
003 PE-LiUPU
005 20250731173406.0
008 150706s2010 miua r 000 0 spa d
020 _a9780825414589
035 _a(Sirsi) i9780825414589
040 _aPE-LiUPU
_bspa
_cPE-LiUPU
_erda
049 _aPRUA
082 0 4 _a248.842
_bM79
_221
100 1 _aMorley, Patrick,
_eautor.
245 1 0 _aDoce hábitos :
_bpara fortalecer su caminar con Cristo, una guía para hombres /
_cPatrick Morley.
264 1 _aMichigan :
_bPortavoz,
_c2010.
300 _a205 páginas :
_bilustraciones ;
_c22 centímetros
336 _atext
_2rdacontent
337 _aunmediated
_2rdamedia
338 _avolume
_2rdacarrier
505 0 _aHábitos relacionados con las obras de Dios -- El hombre y la creación -- Hábitos relacionados con la palabra de Dios -- El hombre y la Biblia -- Hábitos relacionados con el "susurro" de Dios -- El hombre y la oración -- El hombre y la adoración -- El hombre y el día de reposo -- El hombre y la comunión -- El hombre y el consejo -- El hombre y el ayuno -- El hombre y la guerra espiritual -- Hábitos relacionados con el testimonio para Dios -- El hombre y la mayordomía -- El hombre y el servicio -- El hombre y la evangelización.
526 _aSEG42
526 _aSEG41
526 _aSEG40
526 _aSEG39
526 _aP94
526 _aP87
526 _aP86
526 _aP85
526 _aP77
526 _aP76
526 _aP35
541 _g001-001093;
650 0 4 _aHombre
_xVida religiosa.
650 0 4 _aHombre
_xConducta de la vida.
700 1 _aGrayling Milian, George Peter,
_etraductor.
910 _agl
_bjv
_clch
_d20110819
942 _2ddc
_cBOOK
949 _a248.842 M79
_wDEWEY
_c1
_i63311
_lCCODEBUL1
_mBUL
_p10.00
_r0
_sY
_tBOOK
_u2015-7-6
_xTEOLOGIA
_PP35
_o.STAFF. Colección Teología
994 _aC0
_bPEPRU
596 _a1
999 _a248.842 M79
_wDEWEY
_c52313
_i63311
_d52313
_e2017-9-20
_f2021-11-12
_g5
_lCCODEBUL1
_mBUL
_n3
_p10.00
_q3
_r0
_sY
_tBOOK
_u2015-7-6
_xTEOLOGIA
_PP35
_0COMPRA
_o.STAFF. Colección Teología
980 _81
_gALBERTO SANCHEZ Responsable de Automatización